000 00612nam a2200229Ia 4500
003 OSt
005 20220923230533.0
006 a|||||r|||| 00| 0
007 ta
008 220922b |||||||| |||| 00| 0 rus d
024 _a283,005
037 _cTextual
040 _aARTS
_cARTS
_brus
041 _2rus
_arus
082 _aO153,3NMOx, M3
100 _aਮੋਨੋਜੀਤ
_9156280
245 0 _aਦੂਜੀ ਕਵਿਤਾ
260 _c1983
650 _aਪੰਜਾਬੀ ਸਾਹਿਤ
942 _hO153,3NMOx, M3
_cTEXL
_2CC
999 _c385549
_d385549